000 00683nam a22002177a 4500
003 OSt
005 20140311175031.0
008 140310b xxu||||| |||| 00| 0 eng d
020 _a99924-0-326-8
040 _cBMC
082 _a345.7285
082 _a342.026437285
100 1 _915286
_aCuarezma Terán, Sergio J.
245 1 3 _aLa naturaleza de la reforma de la justicia penal y la inconstitucionalidad del código procesal penal
_cSergio J. Cuarezman Terán
250 _a1ª ed
260 _aManagua
_bMANU
_c2004
300 _a132 p.
_c19 cm
650 2 4 _915284
_aDerecho penal
_zNicaragua
650 2 4 _915285
_aControl constitucional de las leyes
_zNicaragua
942 _2ddc
_cBK
999 _c7907
_d7907